000 00198nam a2200097Ia 4500
008 240331s9999 xx 000 0 und d
082 _bTHE
100 _aThevarajah, S
245 0 _aAachchi
942 _cL
999 _c3790
_d3790